[Event "SC Klein-Berlin Rheine 2 - Indische Dam"]
[Site "Verbandsklasse 2017/2018"]
[Date "2018.04.28"]
[Round "9.8"]
[White "Engfer, Klaus"]
[Black "Stree, Henning"]
[Result "1-0"]
[WhiteElo "1597"]
[BlackElo "923"]
[PlyCount "87"]
[EventDate "2018.??.??"]
[SourceDate "2018.05.04"]

1. e4 e5 2. Nf3 Nc6 3. Bc4 Nd4 4. Nxe5 Qg5 5. Ng4 d5 6. Be2 Nxe2 7. Qxe2 Qxg4
8. f3 Qe6 9. O-O Bc5+ 10. Kh1 dxe4 11. fxe4 Bd7 12. Nc3 a6 13. Nd5 O-O-O 14. d3
Nf6 15. Nf4 Qe8 16. Be3 Bxe3 17. Qxe3 b6 18. c4 Be6 19. c5 Nd7 20. b4 bxc5 21.
bxc5 Nb8 22. d4 Bc4 23. Rfc1 Bb5 24. d5 c6 25. d6 Rd7 26. a4 g5 27. Nh3 f5 28.
axb5 Qxe4 29. Qxe4 fxe4 30. bxc6 Nxc6 31. Rxa6 Nb8 32. Ra4 e3 33. Nxg5 e2 34.
Re4 h6 35. Nf3 Kd8 36. Rxe2 Re8 37. Rxe8+ Kxe8 38. Ne5 Ra7 39. Kg1 Ra6 40. c6
h5 41. c7 Rxd6 42. cxb8=Q+ Rd8 43. Qc7 h4 44. Qf7# 1-0